Track List of Mezzanine - Massive Attack - Statistics

General Stats
  • This quiz has been taken 14 times
  • The average score is 8 of 11
Answer Stats
Answer % Correct
1 Angel
100%
3 Teardrop
88%
8 Black Milk
75%
6 Dissolved Girl
75%
5 Exchange
75%
11 [Exchange]
75%
4 Inertia Creeps
75%
10 Group Four
63%
9 Mezzanine
63%
7 Man Next Door
50%
2 Risingson
50%
No matching quizzes found
Score Distribution
Percent of People with Each Score
Percentile by Number Answered
Your Score History
You have not taken this quiz